A cultural history of marriage (Titelsatznr. 62146)
[ MARC ]
| 000 -Satzkennung | |
|---|---|
| Kontrollfeld mit fester Länge | 01200nac a2200385 a4500 |
| 001 - Kontrollnummer | |
| Kontrollfeld | 1684853796 |
| 003 - Kontrollnummer Identifier | |
| Kontrollfeld | DE-627 |
| 005 - Datum und Zeit der letzten Transaktion | |
| Kontrollfeld | 20230411120846.0 |
| 007 - Feld mit fester Länge zur physischen Beschreibung - Allgemeine Information | |
| Kontrollfeld mit fester Länge | tu |
| 008 - Feld mit fester Länge zur physischen Beschreibung - Allgemeine Angaben | |
| Kontrollfeld mit fester Länge | 191209s2020 xxk||||| 00| ||eng c |
| 035 ## - Systemkontrollnummer | |
| System-Kontrollnummer | (DE-627)1684853796 |
| 035 ## - Systemkontrollnummer | |
| System-Kontrollnummer | (DE-599)KXP1684853796 |
| 035 ## - Systemkontrollnummer | |
| System-Kontrollnummer | (OCoLC)1129383933 |
| 040 ## - Katalogisierungsquelle | |
| Original-Katalogisierungsstelle | DE-627 |
| Katalogisierungssprache | ger |
| Übertragungsstelle | DE-627 |
| 041 ## - Sprachcode | |
| Sprachcode des Textes/der Tonspur oder des separaten Titels | eng |
| 044 ## - Ländercode der veröffentlichenden/herstellenden Stelle | |
| ISO-Ländercode | XA-GB |
| -- | XD-US |
| -- | XB-IN |
| -- | XE-AU |
| 245 12 - Titel | |
| Titel | A cultural history of marriage |
| Verfasserangabe etc. | general editor: Joanne M. Ferraro |
| 264 #1 - Produktion, Veröffentlichung, Distribution, Herstellung und Urheberrechtsvermerk | |
| Herstellungs-, Veröffentlichungs- Vertriebs-, Erzeugungsort | London ; New York ; Oxford ; New Delhi ; Sydney : |
| Produzent, Herausgeber, Distributor, Hersteller | Bloomsbury Academic, |
| Datum der Herstellung, der Veröffentlichung, des Vertriebs oder des Urheberschutzvermerks | 2020 |
| 336 ## - Inhaltstyp | |
| Inhaltstypterm | Text |
| Inhaltstypcode | txt |
| Quelle | rdacontent |
| 337 ## - Medientyp | |
| Bezeichnung des Medientyps | ohne Hilfsmittel zu benutzen |
| Medientypcode | n |
| Quelle | rdamedia |
| 338 ## - Datenträgertyp | |
| Datenträgertypbezeichnung | Band |
| Datenträgertypcode | nc |
| Quelle | rdacarrier |
| 490 0# - Gesamttitelangabe | |
| Gesamttitelangabe | The cultural histories series |
| 500 ## - Allgemeine Fußnote | |
| Allgemeine Fußnote | E-Book-ProQuest / Fernzugriff nach Registrierung möglich |
| 500 ## - Allgemeine Fußnote | |
| Allgemeine Fußnote | URL siehe Bände |
| 650 #7 - Nebeneintragung unter einem Schlagwort - Sachschlagwort | |
| Sachschlagwort oder geografischer Name als Eintragungselement | Ehe |
| 650 #7 - Nebeneintragung unter einem Schlagwort - Sachschlagwort | |
| Sachschlagwort oder geografischer Name als Eintragungselement | Kultur |
| 655 #7 - Indexierungsterm - Genre/Form | |
| Genre/Form oder fokussierter Term | Aufsatzsammlung |
| Quelle der Ansetzung oder des Terms | gnd-content |
| Koha-Normdatenidentnummer | 210 |
| 700 ## - Nebeneintragung - Personenname | |
| Personenname | Ferraro, Joanne Marie |
| Funktionsbezeichnung | editor |
| Funktionsbezeichnungscode | edt |
| Koha-Normdatenidentnummer | 22284 |
| 773 18 - Übergeordnete Einheit | |
| Datensatzkontrollnummer | (DE-627)1666114405 |
| Verknüpfungsangaben | Volume 6 |
| Zählung und erste Seite | 6 |
| Kontrollunterfeld | nnnm |
| 942 ## - Zusätzliche Felder (Koha) | |
| Klassifikation oder Aufstellungssystematik | Andere/Generische Klassifikation |
| Koha-Medientyp | E-Books |
| Ausgeschieden | Verloren | Klassifikation oder Aufstellungssystematik | Beschädigt | Nicht entleihbar | Heimatbibliothek | Aufenthaltsbibliothek | Aufstellungsort | Erwerbungsdatum | Inventarnummer | Signatur | Barcode | Letzte Aktivität | Preis gültig von | Koha-Medientyp |
|---|---|---|---|---|---|---|---|---|---|---|---|---|---|---|
| Andere/Generische Klassifikation | MWN Osteuropa | MWN Osteuropa | Online-Ressource | 01/04/2023 | 23-e00442 | E-23-e00442 | 64751 | 01/04/2023 | 01/04/2023 | E-Books |